Metodická příručka k učebnici Čeština s překvapením pro 5. ročník ZŠ /

Hlavní autor: Svobodová, Jana, 1946-
Jazyk: Čeština
Vydáno: Praha : Scientia, pedagogické nakladatelství, 2003
Vydání: 1. vyd.
Témata:
Fyzický popis: 54 s. ; 21 cm
Knihy
Uloženo v:
LEADER 01277nam a2200361 a 4500
001 000674851
003 CZ BrMZK
005 20090316145757.0
007 ta
008 030624s2003 xr c p 000 0 cze d
015 |a cnb001239536 
020 |a 80-7183-255-3  |q (brož.) 
035 |a (OCoLC)53267796 
040 |a BOA001  |b cze 
072 7 |a 811.162.3  |x Čeština  |2 Konspekt  |9 11 
072 7 |a 37.016  |x Učební osnovy. Vyučovací předměty. Učebnice  |2 Konspekt  |9 22 
080 |a 811.162.3  |2 MRF 
080 |a 81'24  |2 MRF 
080 |a (075.2)  |2 MRF 
080 |a (072)  |2 MRF 
100 1 |a Svobodová, Jana,  |d 1946-  |7 jn20010310263  |4 aut 
245 1 0 |a Metodická příručka k učebnici Čeština s překvapením pro 5. ročník ZŠ /  |c Jana Svobodová 
246 3 3 |a Čeština s překvapením 
250 |a 1. vyd. 
260 |a Praha :  |b Scientia, pedagogické nakladatelství,  |c 2003 
300 |a 54 s. ;  |c 21 cm 
650 0 7 |a čeština  |7 ph135292  |2 czenas 
650 0 7 |a jazyková výuka  |7 ph162894  |2 czenas 
655 7 |a učebnice základních škol  |7 fd133773  |2 czenas 
655 7 |a metodické příručky  |7 fd132826  |2 czenas 
910 |a BOA001  |b 2-1120.179 
990 |a BK 
996 6 |b 2610194422  |c 2-1120.179  |l MZK  |r Sklad / do 1 hodiny  |n 2  |p p.v.  |w 000674851  |u 000010  |a 1  |e BOA001  |j MZK50  |s P